Estudio de Pre-factibilidad para el mejoramiento de CaminoSanta María de Pantasma- Wiwilí de Jinotega (48 km), incidiendo en la accesibilidad y actividad productiva
Presenta un estudio de pre factibilidad del mejoramiento de camino de 48 km, que conecta los municipios de Santa María de Pantasma y Wiwili de Jinotega, sobre la que se ubican 24 comunidades rurales identificadas como beneficiarios directos, el estudio tiene como finalidad que sea utilizado como in...
| Main Authors: | , |
|---|---|
| Other Authors: | |
| Format: | Tesis Section = Libro |
| Language: | Undetermined Spanish |
| Published: |
Managua
UNI
2021
|
| Subjects: |
| LEADER | 01350nam a2200265Ia 4500 | ||
|---|---|---|---|
| 008 | 240830s9999 xx 000 0 und d | ||
| 040 | |a BIBLIOTECA-RUSB/ M.Mon 625.7 S194 | ||
| 041 | |a spa | ||
| 082 | |a M.Mon 625.7 S194 | ||
| 100 | 1 | |a Sánchez Ulloa, Marcia Lorena | |
| 100 | 1 | |b Lorente Espinoza, Roberto Alfonso | |
| 245 | 1 | 0 | |a Estudio de Pre-factibilidad para el mejoramiento de CaminoSanta María de Pantasma- Wiwilí de Jinotega (48 km), incidiendo en la accesibilidad y actividad productiva |
| 260 | |a Managua |b UNI |c 2021 | ||
| 300 | |a 171 p. :il. | ||
| 500 | |a Contiene: anexos y CD. | ||
| 502 | |a Tesis (Máster en Gerencia de Proyectos de Desarrollo) - UNI, 2021. | ||
| 520 | 3 | |a Presenta un estudio de pre factibilidad del mejoramiento de camino de 48 km, que conecta los municipios de Santa María de Pantasma y Wiwili de Jinotega, sobre la que se ubican 24 comunidades rurales identificadas como beneficiarios directos, el estudio tiene como finalidad que sea utilizado como instrumento de gestión para la consecución de recursos permitiendo que el camino existente sea mejorado. | |
| 650 | 7 | |a CAMINOS- MEJORAMIENTO | |
| 650 | 7 | |b CONSTRUCCIONES DE CARRETERAS | |
| 650 | 7 | |c EVALUACION DE PROYECTOS | |
| 650 | 7 | |d IMPACTO AMBIENTAL | |
| 700 | 1 | |a Tutor: |b García, Juan Ramón | |
| 942 | |c BK |2 ddc | ||
| 991 | |a TESIS | ||
| 999 | |c 22109 | ||